Japan : Graphic arts'92

Shranjeno v:
Bibliografske podrobnosti
Format: Knjiga
Jezik:Undetermined
Izdano: Tokyo The Japan Federation of Printing industries 1992
Teme:
Oznake: Označite
Brez oznak, prvi označite!
Thư viện lưu trữ: Trung tâm Học liệu Trường Đại học Cần Thơ
LEADER 00499nam a2200193Ia 4500
001 CTU_98972
008 210402s9999 xx 000 0 und d
082 |a 686.22 
082 |b J.35/Vol.33 
245 0 |a Japan : 
245 0 |b Graphic arts'92 
260 |a Tokyo 
260 |b The Japan Federation of Printing industries 
260 |c 1992 
650 |a Printing,Graphic arts 
650 |x History 
650 |z Japan 
904 |i Truc 
980 |a Trung tâm Học liệu Trường Đại học Cần Thơ